<?xml version="1.0" encoding="UTF-8"?>
<record
    xmlns:xsi="http://www.w3.org/2001/XMLSchema-instance"
    xsi:schemaLocation="http://www.loc.gov/MARC21/slim http://www.loc.gov/standards/marcxml/schema/MARC21slim.xsd"
    xmlns="http://www.loc.gov/MARC21/slim">

  <leader>01192nam a2200241 a 4500</leader>
  <controlfield tag="001">79241)</controlfield>
  <controlfield tag="003">BD-RjUL</controlfield>
  <controlfield tag="005">20220123114019.0</controlfield>
  <controlfield tag="008">220123s1990    ii            000 0 urd d</controlfield>
  <datafield tag="035" ind1=" " ind2=" ">
    <subfield code="a">(BD-RjUL)79241)</subfield>
  </datafield>
  <datafield tag="040" ind1=" " ind2=" ">
    <subfield code="a">TAU</subfield>
    <subfield code="c">BD-RjUL</subfield>
    <subfield code="b">eng</subfield>
  </datafield>
  <datafield tag="041" ind1="0" ind2=" ">
    <subfield code="a">ara</subfield>
  </datafield>
  <datafield tag="082" ind1=" " ind2=" ">
    <subfield code="2">23</subfield>
    <subfield code="a">297</subfield>
    <subfield code="b">DEH 1990</subfield>
  </datafield>
  <datafield tag="090" ind1=" " ind2=" ">
    <subfield code="a">297</subfield>
  </datafield>
  <datafield tag="100" ind1="1" ind2=" ">
    <subfield code="a"> Dehlawi, Shah Wali Allah   ;;;  &#x627;&#x644;&#x62F;&#x647;&#x644;&#x648;&#x64A;&#x60C; &#x634;&#x627;&#x647; &#x648;&#x644;&#x64A; &#x627;&#x644;&#x644;&#x647;</subfield>
    <subfield code="d">&#x661;&#x667;&#x660;&#x662;-&#x661;&#x667;&#x666;&#x662;</subfield>
    <subfield code="9">863</subfield>
  </datafield>
  <datafield tag="245" ind1="1" ind2="0">
    <subfield code="a">&#x62D;&#x62C;&#x629; &#x627;&#x644;&#x644;&#x647; &#x627;&#x644;&#x628;&#x627;&#x644;&#x63A;&#x629; &#x645;&#x639; &#x62A;&#x631;&#x62C;&#x645;&#x647; &#x627;&#x631;&#x62F;&#x648; &#x646;&#x639;&#x645;&#x629; &#x627;&#x644;&#x644;&#x647; &#x627;&#x644;&#x633;&#x627;&#x628;&#x63A;&#x647;  ;; hujjat allah al balighat maa tarjama urdu niamat allah alsabah /</subfield>
    <subfield code="c">mutarjim abw muhamad eabd alhaq tazmin muhamad eabd allatif   ;;  &#x644;&#x627;&#x62D;&#x645;&#x62F; &#x627;&#x644;&#x645;&#x639;&#x631;&#x648;&#x641; &#x628;&#x634;&#x627;&#x647; &#x648;&#x644;&#x64A; &#x627;&#x644;&#x644;&#x647; &#x627;&#x628;&#x646; &#x639;&#x628;&#x62F; &#x627;&#x644;&#x631;&#x62D;&#x64A;&#x645; &#x627;&#x644;&#x62F;&#x647;&#x644;&#x648;&#x64A; &#x61B;&#x645;&#x62A;&#x631;&#x62C;&#x645; &#x627;&#x628;&#x648; &#x645;&#x62D;&#x645;&#x62F; &#x639;&#x628;&#x62F; &#x627;&#x644;&#x62D;&#x642; &#x62A;&#x632;&#x645;&#x64A;&#x646; &#x645;&#x62D;&#x645;&#x62F; &#x639;&#x628;&#x62F; &#x627;&#x644;&#x644;&#x637;&#x64A;&#x641;</subfield>
  </datafield>
  <datafield tag="260" ind1=" " ind2=" ">
    <subfield code="a">&#x62F;&#x64A;&#x648;&#x628;&#x646;&#x62F;:   ;;       Deoband :</subfield>
    <subfield code="b">&#x643;&#x62A;&#x628; &#x62E;&#x627;&#x646;&#x647; &#x631;&#x62D;&#x64A;&#x645;&#x64A;&#x647;&#x60C;  ;; kutub khanah rahimih</subfield>
    <subfield code="c">&#x661;&#x669;&#x669;&#x660; &#x645;. &#x661;&#x664;&#x661;&#x660; &#x647;&#x62C;.</subfield>
  </datafield>
  <datafield tag="300" ind1=" " ind2=" ">
    <subfield code="a">&#x645;&#x62C;&#x644;&#x62F;&#x627;&#x646;</subfield>
  </datafield>
  <datafield tag="505" ind1=" " ind2=" ">
    <subfield code="a">Vol. 1.--</subfield>
  </datafield>
  <datafield tag="650" ind1=" " ind2="4">
    <subfield code="a">Islam</subfield>
    <subfield code="v">Early works to 1800</subfield>
    <subfield code="9">864</subfield>
  </datafield>
  <datafield tag="700" ind1="1" ind2=" ">
    <subfield code="a">sakri, muhamad sharif  ;; &#x633;&#x643;&#x631;&#x60C; &#x645;&#x62D;&#x645;&#x62F; &#x634;&#x631;&#x64A;&#x641;      </subfield>
    <subfield code="9">865</subfield>
  </datafield>
  <datafield tag="942" ind1=" " ind2=" ">
    <subfield code="2">ddc</subfield>
    <subfield code="c">BK</subfield>
  </datafield>
  <datafield tag="999" ind1=" " ind2=" ">
    <subfield code="c">79241</subfield>
    <subfield code="d">79241</subfield>
  </datafield>
  <datafield tag="952" ind1=" " ind2=" ">
    <subfield code="0">0</subfield>
    <subfield code="1">0</subfield>
    <subfield code="2">ddc</subfield>
    <subfield code="4">0</subfield>
    <subfield code="7">1</subfield>
    <subfield code="8">NFIC</subfield>
    <subfield code="a">RUCL</subfield>
    <subfield code="b">RUCL</subfield>
    <subfield code="c">Reading</subfield>
    <subfield code="d">1982-08-26</subfield>
    <subfield code="e">Aligarh Library , Rajshahi</subfield>
    <subfield code="g">190.00</subfield>
    <subfield code="o">U 297 DEH V-1 1990</subfield>
    <subfield code="r">2022-01-23 00:00:00</subfield>
    <subfield code="t">C-1</subfield>
    <subfield code="y">BK</subfield>
  </datafield>
</record>
